LEADER 01038nam a2200253 u 4500 001 000000117792 003 CaOOAMICUS 005 20091104130757.0 008 091104s1907 it u000 u ita u 040 $aPUL$bita$dMCT 041 1 $aita$heng 100 1 $aSpencer, Herbert,$d1820-1903.$0(OLS)http://pul/name/9956 245 13$aLe basi del pensiero /$cHerbert Spencer ; prima edizione italiana con una introduzione del dott. Guglielmo Salvadori. 260 $aTorino :$bFratelli Bocca,$c1907. 300 $aVI, 294 p. ;$c24 cm 650 4$aPensiero.$0(OLS)http://pul/subject/5022 650 4$aBiologia.$0(OLS)http://pul/subject/7576 650 4$aPsicologia.$0(OLS)http://pul/subject/1547 700 1 $aSalvadori, Guglielmo.$0(OLS)http://pul/name/22452 850 $aPUL 852 $aPUL$W1$xDP1 Filosofia 1$y19$m589 H 28$j135172$qStampati$B134141$CPULBib$Z2$F134141 $82 941 1 $a8 996 $6245$aLe basi del pensiero$9(OLS)http://pul/title/148284 996 $6260$aTorino :$bFratelli Bocca$9(OLS)http://pul/publisher/47945 LEADER 00981nam a2200265 a 4500 001 000000119192 003 CaOOAMICUS 005 20100114131514.0 008 100114s1972 sp u000 u spa r 040 $aPUL$bita$dCP 041 1 $aspa$hger 100 1 $aBoros, Ladislaus,$d1927-$0(OLS)http://pul/name/15765 240 10$aWir sind Zukunft.$lSpagnolo.$0(OLS)http://pul/title/149984 245 10$aSomos futuro /$cLadislau Boros. 250 $a2. ed. 260 $aSalamanca :$bSígueme,$c1972. 300 $a182 p. ;$c22 cm 490 1 $aNueva alianza ;$v42 650 4$aSperanza.$0(OLS)http://pul/subject/669 830 0$aNueva alianza ;$v42.$0(OLS)http://pul/title/149985 850 $aPUL 852 $aPUL$W1$xDP1 Religione 1$y20$m555 I 58$j136780$qStampati$B135799$CPULBib$Z2$F135799 $H63144 $82 941 1 $a8 996 $6245$aSomos futuro$9(OLS)http://pul/title/149983 996 $6260$aSalamanca :$bSígueme$9(OLS)http://pul/publisher/69570